Valtioita kuvien mukaan #2 - Statistics

Yleistilastot
  • Tätä visaa on pelattu 1 392 kertaa
  • Keskiarvotulos 9 / 15
Vastaustilastot
Kuvavisa Vastaus % Oikein
Egypti
99%
Yhdistynyt kuningaskunta
95%
Peru
84%
Mongolia
77%
Saudi-Arabia
74%
Irak
59%
Turkki
59%
Italia
58%
Vietnam
56%
Sveitsi
55%
Malesia
50%
Indonesia
42%
Madagaskar
31%
Ecuador
25%
Ukraina
24%
Ehtoja vastaavia visoja ei löytynyt
Tulosjakauma
Jokaisen tuloksen saaneiden osuus
Persentiili vastausten määrän mukaan
Tuloshistoriasi
Et ole pelannut tätä visaa